Matematika 2 v príkladoch

Gespeichert in:
Bibliographische Detailangaben
1. Verfasser: Coroničová Hurajová, Jana, 1986-
Weitere Verfasser: Hajduová, Zuzana, 1974-, Timková, Mária, Berežný, Štefan
Format: Buch
Sprache:Slowakisch
Veröffentlicht: Košice TypoPress - Tlačiareň 2017
Ausgabe:1. vyd.
Schlagworte:
Tags: Tag hinzufügen
Keine Tags, Fügen Sie das erste Tag hinzu!

MARC

LEADER 00000nam a2200000 4500
001 0238423
005 20240502073846.1
020 |a 978-80-8129-077-0 
041 0 |a slo 
044 |a SK 
245 1 0 |a Matematika 2 v príkladoch  |c Jana Coroničová Hurajová, Zuzana Hajduová ; recenzenti: Mária Timková, Štefan Berežný 
250 |a 1. vyd. 
264 1 |a Košice  |b TypoPress - Tlačiareň  |c 2017 
300 |a 122 s. [6,1 AH] 
610 2 0 |a matematika 
610 2 0 |a funkcie matematické 
100 1 |a Coroničová Hurajová, Jana, 1986- 
700 1 |a Hajduová, Zuzana, 1974- 
700 1 |a Timková, Mária 
700 1 |a Berežný, Štefan